00000000nam 2200000zi 4500
0019.939729
003CaOODSP
00520250121125208
006m     o  d f      
007cr mn|||||||||
008240624e202403##oncda   ob   f000 0 eng d
020 |a9780660724911
040 |aCaOODSP|beng|erda|cCaOODSP
043 |an-cn---
0861 |aPS64-230/2024E-PDF
0861 |aPS64-230/2024-1E-PDF
24500|aEvaluation of the RCMP Air Services Program : |bfinal report / |cNational Program Evaluation Services (NPES).
264 1|aOttawa, Ontario : |bRoyal Canadian Mounted Police = Gendarmerie royale du Canada, |cMarch 2024.
264 4|c©2024
300 |a1 online resource (39 pages) : |bcharts, illustration + |esummary (1 page)
336 |atext|btxt|2rdacontent
337 |acomputer|bc|2rdamedia
338 |aonline resource|bcr|2rdacarrier
500 |aIssued also in French under title: Évaluation du Service de l'air de la GRC.
504 |aIncludes bibliographical references (page 39).
520 |a"The objective of the evaluation was to examine the relevance and performance (effectiveness and efficiency) of the ASP in accordance with the Treasury Board Policy on Results. It was conducted by RCMP ’s National Program Evaluation Services (NPES). This evaluation was national in scope and covered the period between 2017-18 to 2022-23, as well as a forward-looking component"--Executive summary,page 4.
61010|aCanada. |tRoyal Canadian Mounted Police Act|xEvaluation.
650 0|aAeronautics in police work|zCanada|xEvaluation.
7101 |aCanada.|bRoyal Canadian Mounted Police.|bNational Program Evaluation Services, |eissuing body.
77508|tÉvaluation du Service de l'air de la GRC : |w(CaOODSP)9.939731
85640|qPDF|s4.31 MB|uhttps://publications.gc.ca/collections/collection_2025/grc-rcmp/PS64-230-2024-eng.pdf|z(Final report)
85640|qPDF|s369 KB|uhttps://publications.gc.ca/collections/collection_2025/grc-rcmp/PS64-230-2024-1-eng.pdf|z(Summary)